Statistics for Virginia Basketball Roster 2018-19

Click here to take the quiz!

General Stats

  • This quiz has been taken 34 times
  • The average score is 9 of 15

Answer Stats

#Pos.Player% Correct
0GKihei Clark
89%
5GKyle Guy
89%
12GDe'Andre Hunter
81%
33CJack Salt
81%
25FMamadi Diakite
81%
11GTy Jerome
81%
2GBraxton Key
74%
30FJay Huff
74%
Head CoachTony Bennett
70%
22CFrancisco Caffaro
44%
23GCody Stattmann
41%
45FAustin Katstra
30%
24GMarco Anthony
30%
10GJayden Nixon
22%
1FFrancesco Badocchi
19%

Score Distribution

Percentile by Number Answered

Percent of People with Each Score

Your Score History

You have not taken this quiz